00540nam a2200205 a 4500001001300000003000900013005001700022008004100039020002600080082001300106100001800119245004500137260003500182300000900217500003500226505001000261650002500271650002000296700001800316nice12345678IN_TiNIC20260116013903.0050524s1995 cama grp 000 0 eng  a0745612 c824.5500a115bADA aAdam, Barbara aTime Watchb the Social Analysis of Time aCambridgebPolity Press c1995 a205p aincludes index and biblioraphy2 aIndex aTime-Social Analysis aTime-Philosophy1 aAdam, Barbara